000 00306nam a22001337a 4500
008 170523b xxu||||| |||| 00| 0 eng d
020 _a9780393059960
041 _aeng
080 _a94
100 _a16
101 _aSHH
245 _aANOWLEDGE AND THE WEALTH OF NATIONS
_cWARSH.D
942 _2udc
_cBK
999 _c13884
_d13884